Cdades. de Extremadura con más de 25000 - ¡Muerte súbita! - Estadísticas

Estadísticas generales
  • Esta prueba ha sido intentada 250 veces
  • La puntuación promedio es 4 de 6
Answers on the Grid
Answers color-coded by a green-red scale on the quiz's grid according to % correct below.
Almendralejo
Coria
Don Benito
Jerez de los caballeros
Medellín
Mérida
Navalmoral de la mata
Olivenza
Peñarroya-pueblonuevo
Plasencia
Talavera
Trujillanos
Trujillo
Cáceres
Villanueva de la Serena
Zafra
 
Estadísticas de respuestas
Respuesta % Correcto
Mérida
76%
Cáceres
74%
Almendralejo
68%
Don Benito
60%
Plasencia
60%
Villanueva de la Serena
41%
No se encontraron pruebas coincidentes
Distribución de puntuación
Porcentaje de gente con cada puntuación
Porcentaje por número respondido
Historial de tus puntuaciones
No has intentado esta prueba.